000 00316 a2200133 4500
000 nam a22 7a 4500
100 _aSingh, Ranvijay
110 _aSingh, Ranvijay
245 _aFood Hospitality
250 _aLatest edition
260 _bABD Publishers
_c2016
264 _bABD Publishers
_c2016
942 _cBK
999 _c395681
_d395681